| 000 | 00747nam a2200265Ia 4500 | ||
|---|---|---|---|
| 003 | OSt | ||
| 005 | 20221007112810.0 | ||
| 006 | a|||||r|||| 00| 0 | ||
| 007 | ta | ||
| 008 | 221006b |||||||| |||| 00| 0 eng d | ||
| 024 | _a29,401 | ||
| 037 | _cTextual | ||
| 040 |
_aLCO _cLCO _beng |
||
| 041 |
_2eng _aeng |
||
| 082 | _aZ2,267, Q1 | ||
| 100 |
_aDerclaye Estelle _9708811 |
||
| 245 | 0 | _aIntellectual Property Overlaps A European Perspective | |
| 250 | _a1st | ||
| 260 |
_aPortland _bHart Publishing U.K _c2011 |
||
| 300 | _a345 | ||
| 650 |
_aINTELLECTUAL PROPERTY _9583124 |
||
| 700 |
_a Leistner Matthias _9708812 |
||
| 942 |
_hZ2,267, Q1 _cTEXL |
||
| 999 |
_c1198964 _d1198964 |
||